Sports Quiz

Random Sports or Olympics Quiz

Who Am I? Sports Figures Quiz Stats

 Plays Quiz Updated Apr 19, 2021

Support Sporcle.
Go Orange.
Score 0/24 Timer 06:00
2 Plays Today
% Correct
Muhammad Ali
90.7%
Michael Phelps
89.3%
Babe Ruth
89.2%
Vince Lombardi
87.2%
Jack Nicklaus
85.7%
Pelé
85%
Jesse Owens
83.6%
Michael Jordan
83.3%
Billie Jean King
82.3%
Wayne Gretzky
77.2%
Michael Schumacher
76.7%
American Pharoah
74.5%
% Correct
Nadia Comăneci
72.5%
Katie Ledecky
71.4%
Lisa Leslie
67.6%
Adolph Rupp
62.8%
Abby Wambach
61.5%
Sunil Gavaskar
60.6%
Miguel Indurain
57.2%
Ole Einar Bjørndalen
57%
Ruffian
49.2%
Wilma Rudolph
47.2%
Katja Seizinger
44.5%
Irina Rodnina
41.3%

You're not logged in!

Compare scores with friends on all Sporcle quizzes.
OR
Log In

From the Vault

Vocabulary Blitz XLVI

by iglew

Have you memorized the OED yet?
Remove Ads.
Support Sporcle.
Get the best of Sporcle when you Go Orange. This ad-free experience offers more features, more stats, and more fun while also helping to support Sporcle. Thank you for becoming a member.

Show Comments

Extras

Top Quizzes Today


Score Distribution

Your Account Isn't Verified!

In order to create a playlist on Sporcle, you need to verify the email address you used during registration. Go to your Sporcle Settings to finish the process.

Report this User

Report this user for behavior that violates our Community Guidelines.

Details: